Schätzung und Identifikation von Struktur- und Hyperstrukturparametern in Dynamischen Generalisierten Linearen Modellen Theoretische Grundlagen und empirische Auswertungen. Dissertation
Salvato in:
| Autore principale: | |
|---|---|
| Ente Autore: | |
| Natura: | Libro |
| Lingua: | tedesco |
| Pubblicazione: |
Regensburg
1990
|
| Soggetti: | |
| Tags: |
Nessun Tag, puoi essere il primo ad aggiungerne!!
|
MARC
| LEADER | 00000nam a2200000 4500 | ||
|---|---|---|---|
| 001 | c005184 | ||
| 005 | 20230116085832.0 | ||
| 041 | 0 | |a ger | |
| 044 | |a DE | ||
| 245 | 1 | 0 | |a Schätzung und Identifikation von Struktur- und Hyperstrukturparametern in Dynamischen Generalisierten Linearen Modellen |b Theoretische Grundlagen und empirische Auswertungen. Dissertation |c Matthias Goss |
| 264 | 1 | |a Regensburg |c 1990 | |
| 300 | |a 235 s. | ||
| 610 | 2 | 0 | |a modely dynamické |
| 610 | 2 | 0 | |a modely lineárne |
| 610 | 2 | 0 | |a modely regresné |
| 610 | 2 | 0 | |a modely |
| 610 | 2 | 0 | |a algoritmy |
| 610 | 2 | 0 | |a parametre ekonomické |
| 610 | 2 | 0 | |a rovnice stochastické |
| 610 | 2 | 0 | |a koeficient korelácie |
| 610 | 2 | 0 | |a dáta |
| 610 | 2 | 0 | |a testy |
| 610 | 2 | 0 | |a matice |
| 610 | 2 | 0 | |a Kalman-Filter |
| 100 | 1 | |a Goss, Matthias | |
| 710 | 2 | |a Universität Regensburg | |